MARC details
| 000 -LÍDER |
| campo de controle de tamanho fixo |
01877nam a22003737a 4500 |
| 001 - NÚMERO DE CONTROLE |
| campo de controle |
101 |
| 003 - IDENTIFICADOR DO NÚMERO DE CONTROLE |
| campo de controle |
OSt |
| 005 - DATA E HORÁRIO DA ÚLTIMA TRANSAÇÃO |
| campo de controle |
20250528074011.0 |
| 008 - CAMPO DE DADOS FIXOS--INFORMAÇÃO GERAL |
| campo de controle de tamanho fixo |
250127b |||||||j |||| 00| 1 eng d |
| 020 ## - ISBN - INTERNATIONAL STANDARD BOOK NUMBER |
| ISBN - International Standard Book Number |
9788581630250 |
| 040 ## - FONTE DA CATALOGAÇÃO |
| Idioma da catalogação |
por |
| 041 ## - CÓDIGO DE IDIOMA |
| Código do idioma do original e/ou traduções intermediárias do texto |
eng |
| Código do idioma do texto/trilha sonora ou título diferente |
por |
| 082 ## - CDD - CLASSIFICAÇÃO DECIMAL DE DEWEY |
| Número de Classificação |
823 |
| Número do exemplar |
C213a |
| 100 1# - ENTRADA PRINCIPAL--NOME PESSOAL |
| Nome pessoal |
Canavan, Trudi, |
| Datas associadas ao nome |
1969- |
| 9 (RLIN) |
218 |
| 240 ## - TÍTULO UNIFORME |
| Título uniforme |
The novice |
| 245 ## - TÍTULO |
| Título |
A aprendiz / |
| Indicação de responsabilidade, etc. |
Canavan, Trudi ; Tradução de Frank de Oliveira e Júlio Monteiro de Oliveira |
| 260 ## - PUBLICAÇÃO, DISTRIBUIÇÃO, ETC. |
| Local de publicação, distribuição, etc. |
São Paulo |
| Nome do editor, distribuidor, etc. |
Novo Conceito |
| Data da publicação, distribuição, etc. |
2012 |
| 300 ## - DESCRIÇÃO FÍSICA |
| Extensão |
544 p. |
| 490 1# - TÍTULO DA SÉRIE |
| Título da série |
A trilogia do mago negro |
| Número do volume ou designação sequencial da série |
Livro 02 |
| 500 ## - NOTA GERAL |
| Nota geral |
A aprendiz<br/><br/>Sequência de: O clã dos magos |
| 520 ## - NOTA DE RESUMO, ETC. |
| Resumo, etc. |
Sozinha entre todos os aprendizes do Clã dos Magos, somente Sonea vem de uma classe menos privilegiada. No entanto, ela ganhou aliados poderosos, como Lorde Dannyl, recentemente promovido a Embaixador. Ele terá, agora, de partir para a corte de Elyne, deixando Sonea à mercê dos boatos maliciosos e mentirosos que seus inimigos continuam espalhando... até o Lorde Supremo entrar em cena. Entretanto, o preço do apoio de Akkarin é alto porque, em troca, Sonea deve proteger seus mistérios mais sombrios.<br/>Enquanto isso, a ordem que Dannyl está obedecendo, de buscar fatos sobre a longa pesquisa abandonada de Akkarin sobre o conhecimento mágico antigo, o está levando a uma extraordinária jornada, chegando cada vez mais perto de um futuro surpreendente e perigoso. |
| 650 #0 - ASSUNTO--TERMO TÓPICO |
| Cabeçalho tópico ou nome geográfico |
Literatura australiana |
| 9 (RLIN) |
219 |
| 650 #0 - ASSUNTO--TERMO TÓPICO |
| Cabeçalho tópico ou nome geográfico |
Fantasia |
| 9 (RLIN) |
45 |
| 650 #0 - ASSUNTO--TERMO TÓPICO |
| Cabeçalho tópico ou nome geográfico |
Infantojuvenil |
| 9 (RLIN) |
200 |
| 650 #0 - ASSUNTO--TERMO TÓPICO |
| Cabeçalho tópico ou nome geográfico |
Aventura |
| 9 (RLIN) |
47 |
| 650 #0 - ASSUNTO--TERMO TÓPICO |
| Cabeçalho tópico ou nome geográfico |
Medieval |
| 9 (RLIN) |
170 |
| 650 #0 - ASSUNTO--TERMO TÓPICO |
| Cabeçalho tópico ou nome geográfico |
Seres mágicos |
| 9 (RLIN) |
46 |
| 655 #0 - TERMO DE ÍNDICE--GÊNERO E FORMA |
| Gênero/forma/ou termo foco |
Romance |
| 655 #0 - TERMO DE ÍNDICE--GÊNERO E FORMA |
| Gênero/forma/ou termo foco |
Ficção |
| 700 ## - ENTRADA ADICIONADA - NOME PESSOAL |
| Nome pessoal |
Frank de Oliveira |
| Função do autor por extenso |
Tradutor |
| 9 (RLIN) |
223 |
| 700 ## - ENTRADA ADICIONADA - NOME PESSOAL |
| Nome pessoal |
Júlio Monteiro de Oliveira |
| Função do autor por extenso |
Tradutor |
| 9 (RLIN) |
224 |
| 830 ## - ENTRADA SECUNDÁRIA DE SÉRIE--TÍTULO UNIFORME |
| Título uniforme |
A trilogia do mago negro |
| Número do volume ou designação sequencial da série |
Livro 02 |
| 9 (RLIN) |
221 |
| 942 ## - ELEMENTOS DE ENTRADA ADICIONADOS (KOHA) |
| Fonte de classificação ou esquema de arquivamento |
Classificação decimal de Dewey |
| Ocultar no OPAC |
Não |
| Tipo de material Koha |
Livros |